UM Logo

Electrical wiring residential : (Record no. 911)

MARC details
000 -LEADER
fixed length control field 00746nam a2200205 4500
008 - FIXED-LENGTH DATA ELEMENTS--GENERAL INFORMATION
fixed length control field 160204b xxu||||| |||| 00| 0 eng d
020 ## - INTERNATIONAL STANDARD BOOK NUMBER
International Standard Book Number 9781285170978
020 ## - INTERNATIONAL STANDARD BOOK NUMBER
International Standard Book Number 1285170970
082 ## - DEWEY DECIMAL CLASSIFICATION NUMBER
Edition number 2015
Classification number DK12 621.31924
Item number M959
100 ## - MAIN ENTRY--PERSONAL NAME
9 (RLIN) 2431
Personal name Mullin, Ray C.
245 ## - TITLE STATEMENT
Title Electrical wiring residential :
Remainder of title based on the 2014 National Electrical Code /
Statement of responsibility, etc. Ray C. Mullin and Phil Simmons.
250 ## - EDITION STATEMENT
Edition statement 18th edition.
260 ## - PUBLICATION, DISTRIBUTION, ETC. (IMPRINT)
Place of publication, distribution, etc. Australia :
Name of publisher, distributor, etc. Cengage Learning,
Date of publication, distribution, etc. c2015.
300 ## - PHYSICAL DESCRIPTION
Extent xxxi, 801 pages. :
Other physical details colored illustration ;
Dimensions 28 cm.
500 ## - GENERAL NOTE
General note Includes appendix, glossary and index.
650 #0 - SUBJECT ADDED ENTRY--TOPICAL TERM
9 (RLIN) 2432
Topical term or geographic name as entry element Electric wiring, Interior
650 #0 - SUBJECT ADDED ENTRY--TOPICAL TERM
9 (RLIN) 2433
Topical term or geographic name as entry element Houses
General subdivision Electric equipment
700 ## - ADDED ENTRY--PERSONAL NAME
9 (RLIN) 2434
Personal name Simmons, Phil., jt. au.
942 ## - ADDED ENTRY ELEMENTS (KOHA)
Source of classification or shelving scheme Dewey Decimal Classification
Koha item type Books
Holdings
Withdrawn status Lost status Source of classification or shelving scheme Damaged status Not for loan Collection code Home library Current library Date acquired Source of acquisition Total Checkouts Full call number Barcode Date last seen Copy number Price effective from Koha item type
    Dewey Decimal Classification     K-12 UM Digos College - LIC UM Digos College - LIC 08/12/2015 Purchased   DK12 621.31924 M959 2015 23035 05/15/2025 1 02/04/2016 Books